[Event "Solingen-ch"]
[Site "Solingen"]
[Date "2016.09.07"]
[Round "1"]
[White "Falge, Rainer"]
[Black "Schubert, Stefan"]
[Result "1-0"]
[WhiteElo "1799"]
[BlackElo "1229"]
[PlyCount "91"]
[EventDate "2016.09.07"]
[EventType "swiss"]
[EventRounds "7"]
[EventCountry "GER"]
[SourceTitle "EXT 2018"]
[Source "ChessBase"]
[SourceDate "2017.10.13"]
[SourceVersion "1"]
[SourceVersionDate "2017.10.13"]
[SourceQuality "1"]

1. e4 e5 2. Nf3 d6 3. d4 exd4 4. Nxd4 Nf6 5. Nc3 Be7 6. Bc4 0-0 7. f3 Re8 8. Be3 Nc6 9. Nxc6 bxc6 10. Qd2 Bf8 11. Rd1 Be6 12. Qe2 Nd7 13. 0-0 Nb6 14. Bd3 c5 15. b3 a6 16. Bxa6 Qf6 17. Nd5 Nxd5 18. exd5 Bc8 19. Bb5 Re7 20. a4 Qc3 21. Rd3 Qa5 22. Qf2 Ba6 23. Bd2 Qb6 24. Bxa6 Qxa6 25. Re3 c4 26. Rfe1 Rae8 27. Rxe7 Rxe7 28. Rxe7 Bxe7 29. Qe2 Kf8 30. Qxc4 Qb6+ 31. Kf1 Ke8 32. Qc6+ Kd8 33. Qxb6 cxb6 34. Bc3 f6 35. Ke2 Kc7 36. b4 Kb7 37. Kd3 Bd8 38. Ke4 Kc7 39. h4 g6 40. g4 h6 41. h5 f5+ 42. gxf5 gxh5 43. f6 Kd7 44. Kf5 h4 45. Kg4 Ke8 46. Kxh4 1-0

[Event "GER-chB Seniors 28th"]
[Site "Niederhausen"]
[Date "2016.08.21"]
[Round "9"]
[White "Kuenitz, Klaus"]
[Black "Falge, Rainer"]
[Result "1-0"]
[WhiteElo "1775"]
[BlackElo "1764"]
[PlyCount "66"]
[EventDate "2016.08.13"]
[EventType "swiss"]
[EventRounds "9"]
[EventCountry "GER"]
[SourceTitle "EXT 2019"]
[Source "ChessBase"]
[SourceDate "2018.10.10"]
[SourceVersion "1"]
[SourceVersionDate "2018.10.10"]
[SourceQuality "1"]

1. d4 d6 2. c4 Nf6 3. Nf3 g6 4. Nc3 Bg7 5. Bf4 0-0 6. e3 Re8 7. Be2 Nbd7 8. 0-0 Nh5 9. Bg5 Nhf6 10. h3 e5 11. dxe5 Nxe5 12. Nd5 c6 13. Nxf6+ Bxf6 14. Bxf6 Qxf6 15. Qb3 Re7 16. Rfd1 Nxf3+ 17. Bxf3 Bxh3 18. Bxc6 bxc6 19. gxh3 Qe6 20. Kg2 Rd8 21. Rd4 c5 22. Rd5 Qe4+ 23. Kg3 h5 24. Qd3 h4+ 25. Kh2 Qf3 26. Qf1 Qf6 27. b3 Re6 28. Rad1 Qf3 29. Rxc5 Rde8 30. Ra5 Rxe3 31. fxe3 Qg3+ 32. Kh1 Rxe3 33. Rxa7 Qe5 1-0

[Event "GER-chB Seniors 28th"]
[Site "Niederhausen"]
[Date "2016.08.20"]
[Round "8"]
[White "Falge, Rainer"]
[Black "Klein, Reinhard"]
[Result "1-0"]
[WhiteElo "1764"]
[BlackElo "1897"]
[PlyCount "87"]
[EventDate "2016.08.13"]
[EventType "swiss"]
[EventRounds "9"]
[EventCountry "GER"]
[SourceTitle "EXT 2019"]
[Source "ChessBase"]
[SourceDate "2018.10.10"]
[SourceVersion "1"]
[SourceVersionDate "2018.10.10"]
[SourceQuality "1"]

1. e4 d6 2. f4 g6 3. d4 Bg7 4. Nf3 c6 5. Be2 Nf6 6. Nc3 b5 7. e5 dxe5 8. Nxe5 a6 9. Bf3 Bb7 10. Be3 Nd5 11. Nxd5 cxd5 12. c3 Nd7 13. 0-0 e6 14. Bf2 0-0 15. Qe2 Nxe5 16. fxe5 Qd7 17. Bg3 a5 18. Be1 b4 19. Qe3 bxc3 20. Bxc3 Rfc8 21. Rae1 Rc7 22. h4 h6 23. Bd1 Qe7 24. Rf4 h5 25. Qg3 Kh7 26. Ref1 Qe8 27. Qf3 Kg8 28. Ba4 Qe7 29. Qf2 Ra7 30. Qg3 Qd8 31. Qf3 Bc8 32. Qg3 Kh7 33. Bc2 Qe8 34. Qg5 Qe7 35. Qxh5+ Kg8 36. Qf3 Qd8 37. Qg4 Bh6 38. Rf6 Bg7 39. R1f3 Ba6 40. Rf2 a4 41. h5 gxh5 42. Qxh5 Bb5 43. Bh7+ Kf8 44. Bb4+ 1-0

[Event "Solingen-ch"]
[Site "Solingen"]
[Date "2015.10.14"]
[Round "4"]
[White "Falge, Rainer"]
[Black "Vranidis, Athanassios"]
[Result "1/2-1/2"]
[WhiteElo "1748"]
[BlackElo "1942"]
[PlyCount "55"]
[EventDate "2015.09.04"]
[EventType "swiss"]
[EventRounds "7"]
[EventCountry "GER"]
[SourceTitle "EXT 2018"]
[Source "ChessBase"]
[SourceDate "2017.10.13"]
[SourceVersion "1"]
[SourceVersionDate "2017.10.13"]
[SourceQuality "1"]

1. e4 c5 2. Nc3 d6 3. f4 Nc6 4. Nf3 Nf6 5. Bc4 e6 6. d3 g6 7. 0-0 Bg7 8. e5 dxe5 9. fxe5 Ng4 10. Bg5 Qd7 11. Ne4 Ncxe5 12. h3 f5 13. Bb5 Nc6 14. Nxc5 Bd4+ 15. Kh1 Bxc5 16. hxg4 0-0 17. Bh6 Re8 18. gxf5 gxf5 19. d4 Bf8 20. Ne5 Qc7 21. Bf4 Bd6 22. Bxc6 bxc6 23. Qf3 Ba6 24. Rf2 c5 25. Qg3+ Qg7 26. Qxg7+ Kxg7 27. dxc5 Bxc5 28. Rd2 1/2-1/2

[Event "Solingen-ch"]
[Site "Solingen"]
[Date "2015.09.18"]
[Round "2"]
[White "Falge, Rainer"]
[Black "Barche, Uwe"]
[Result "0-1"]
[WhiteElo "1748"]
[BlackElo "1412"]
[PlyCount "110"]
[EventDate "2015.09.04"]
[EventType "swiss"]
[EventRounds "7"]
[EventCountry "GER"]
[SourceTitle "EXT 2018"]
[Source "ChessBase"]
[SourceDate "2017.10.13"]
[SourceVersion "1"]
[SourceVersionDate "2017.10.13"]
[SourceQuality "1"]

1. e4 e6 2. Bc4 c5 3. Nf3 Nc6 4. Nc3 a6 5. a4 Nge7 6. 0-0 d5 7. exd5 Nxd5 8. Nxd5 exd5 9. Re1+ Be6 10. Bf1 Bd6 11. d4 h6 12. dxc5 Bxc5 13. Be3 Bxe3 14. Rxe3 0-0 15. c3 Re8 16. Qe1 d4 17. cxd4 Nxd4 18. Rd1 Nxf3+ 19. Rxf3 Qb6 20. b3 Bg4 21. Qc3 Bxf3 22. Qxf3 Qc7 23. Bc4 Rad8 24. Rc1 Qe7 25. Rf1 Rd6 26. Qf4 Red8 27. Qc1 Qd7 28. Be2 Re8 29. Bc4 b5 30. Bxf7+ Qxf7 31. axb5 axb5 32. Qc5 Qd5 33. Qc2 Qd3 34. Qc5 Rde6 35. h3 Re1 36. Rxe1 Rxe1+ 37. Kh2 Qxb3 38. Qc8+ Kh7 39. Qf5+ Kh8 40. Qf8+ Qg8 41. Qb4 Qb8+ 42. f4 Rf1 43. Kg3 Qe8 44. Qd2 Qe1+ 45. Qxe1 Rxe1 46. Kg4 b4 47. Kh5 b3 48. g4 b2 49. h4 b1Q 50. f5 Kh7 51. g5 hxg5 52. f6 Qd1+ 53. Kxg5 gxf6+ 54. Kxf6 Qf3+ 55. Kg5 Rg1# 0-1

[Event "Cologne Longerich op-B 12th"]
[Site "Cologne"]
[Date "2015.08.02"]
[Round "4"]
[White "Falge, Rainer"]
[Black "Beissel, Daniel"]
[Result "0-1"]
[WhiteElo "1572"]
[BlackElo "1513"]
[PlyCount "66"]
[EventDate "2015.07.31"]
[EventType "tourn"]
[EventRounds "5"]
[EventCountry "GER"]
[SourceTitle "EXT 2017"]
[Source "ChessBase"]
[SourceDate "2016.10.25"]
[SourceVersion "1"]
[SourceVersionDate "2016.10.25"]
[SourceQuality "1"]

1. e4 c5 2. Nf3 Nc6 3. d4 cxd4 4. Nxd4 d6 5. Nc3 g6 6. Bc4 Nf6 7. f3 Bg7 8. 0-0 Nd7 9. Nce2 Na5 10. Bb3 Nxb3 11. Nxb3 0-0 12. Kh1 b6 13. c3 Ba6 14. Re1 Nc5 15. Ned4 Nd3 16. Qe2 e5 17. Nc2 Qc8 18. Rd1 Nxc1 19. Qe3 Nxb3 20. axb3 Rd8 21. Nb4 Bb7 22. Nd5 Bxd5 23. Rxd5 Qd7 24. Rad1 Bf8 25. Rxe5 dxe5 26. Rxd7 Rxd7 27. h3 Kg7 28. b4 Rad8 29. h4 a5 30. f4 exf4 31. Qxf4 f6 32. g4 Rd1+ 33. Kh2 Bd6 0-1

[Event "Solingen Karneval op"]
[Site "Solingen"]
[Date "2015.02.13"]
[Round "1"]
[White "Kolthoff, Siegmund"]
[Black "Falge, Rainer"]
[Result "1-0"]
[WhiteElo "2091"]
[BlackElo "1715"]
[PlyCount "40"]
[EventDate "2015.02.13"]
[EventType "swiss"]
[EventRounds "5"]
[EventCountry "GER"]
[SourceTitle "EXT 2016"]
[Source "ChessBase"]
[SourceDate "2015.10.08"]
[SourceVersion "1"]
[SourceVersionDate "2015.10.08"]
[SourceQuality "1"]

1. Nf3 d6 2. d4 Nf6 3. c4 g6 4. Nc3 Bg7 5. e4 0-0 6. Be2 Nbd7 7. 0-0 e5 8. Re1 exd4 9. Nxd4 Ne5 10. f4 Nc6 11. Be3 Re8 12. Bf3 Nxd4 13. Bxd4 Be6 14. Qd3 Qd7 15. Rad1 Re7 16. b3 Rae8 17. c5 Bg4 18. Bxf6 Bxf6 19. Nd5 Bg7 20. Nxe7+ Qxe7 1-0

[Event "Solingen-ch"]
[Site "Solingen"]
[Date "2014.10.10"]
[Round "3"]
[White "Wolff, Michael"]
[Black "Falge, Rainer"]
[Result "1-0"]
[WhiteElo "1958"]
[BlackElo "1721"]
[PlyCount "27"]
[EventDate "2014.09.12"]
[EventType "swiss"]
[EventRounds "7"]
[EventCountry "GER"]
[SourceTitle "EXT 2016"]
[Source "ChessBase"]
[SourceDate "2015.10.08"]
[SourceVersion "1"]
[SourceVersionDate "2015.10.08"]
[SourceQuality "1"]

1. d4 d6 2. c4 Nf6 3. Nc3 g6 4. e4 Bg7 5. Nf3 0-0 6. Be2 Bg4 7. h3 Bxf3 8. Bxf3 c6 9. 0-0 Nbd7 10. Be3 e5 11. dxe5 dxe5 12. b4 b6 13. Qd6 Nxe4 14. Bxe4 1-0

[Event "Solingen Karneval op"]
[Site "Solingen"]
[Date "2014.03.01"]
[Round "3"]
[White "Breuer, Leon"]
[Black "Falge, Rainer"]
[Result "1-0"]
[WhiteElo "1485"]
[BlackElo "1732"]
[PlyCount "61"]
[EventDate "2014.02.28"]
[EventType "swiss"]
[EventRounds "5"]
[EventCountry "GER"]
[SourceTitle "EXT 2016"]
[Source "ChessBase"]
[SourceDate "2015.10.08"]
[SourceVersion "1"]
[SourceVersionDate "2015.10.08"]
[SourceQuality "1"]

1. e4 c5 2. Nf3 Nc6 3. d4 cxd4 4. Nxd4 Nf6 5. Nc3 e5 6. Ndb5 d6 7. f3 a6 8. Na3 h6 9. Be3 Be6 10. Bc4 Be7 11. Qd2 Rc8 12. Bxe6 fxe6 13. 0-0-0 0-0 14. g4 Nh7 15. Nc4 Nd4 16. Bxd4 Rxc4 17. Be3 Rxf3 18. Qe2 Rxe3 19. Qxc4 Qd7 20. Kb1 Ng5 21. h4 Nf3 22. Na4 Bd8 23. Qb4 Nd4 24. c3 a5 25. Qc4 b5 26. Qf1 Nf3 27. Qf2 Re1 28. Rhxe1 Nxe1 29. Nc5 Qc8 30. Nb3 a4 31. Nc1 1-0

[Event "Solingen Karneval op"]
[Site "Solingen"]
[Date "2014.02.28"]
[Round "1"]
[White "Falge, Rainer"]
[Black "Berg, Michael"]
[Result "0-1"]
[WhiteElo "1732"]
[BlackElo "2303"]
[PlyCount "62"]
[EventDate "2014.02.28"]
[EventType "swiss"]
[EventRounds "5"]
[EventCountry "GER"]
[SourceTitle "EXT 2016"]
[Source "ChessBase"]
[SourceDate "2015.10.08"]
[SourceVersion "1"]
[SourceVersionDate "2015.10.08"]
[SourceQuality "1"]

1. e4 c5 2. Nf3 d6 3. d4 cxd4 4. Nxd4 Nf6 5. Nc3 Nc6 6. Nf3 g6 7. e5 Nxe5 8. Nxe5 dxe5 9. Qxd8+ Kxd8 10. Bg5 Be6 11. Bd3 Kc7 12. Nb5+ Kc6 13. a4 a6 14. Nc3 Nd5 15. Bd2 f5 16. 0-0 Nb4 17. Rac1 Rd8 18. Rfd1 Nxd3 19. cxd3 Bb3 20. Ne4+ Kd5 21. Rc5+ Ke6 22. Ng5+ Kf6 23. Re1 Rxd3 24. Nf3 e4 25. Bg5+ Ke6 26. Re5+ Kd7 27. Rxe7+ Bxe7 28. Ne5+ Kd6 29. Bf4 g5 30. Nf7+ Ke6 31. Nxg5+ Bxg5 0-1

[Event "Leverkusen Bayer op 10th"]
[Site "Leverkusen"]
[Date "2012.03.07"]
[Round "5"]
[White "Biessner, Eberhard"]
[Black "Falge, Rainer"]
[Result "1/2-1/2"]
[WhiteElo "1746"]
[BlackElo "1642"]
[PlyCount "70"]
[EventDate "2012.01.11"]
[EventType "swiss"]
[EventRounds "7"]
[EventCountry "GER"]
[SourceTitle "EXT 2014"]
[Source "ChessBase"]
[SourceDate "2013.11.20"]
[SourceVersion "1"]
[SourceVersionDate "2013.11.20"]
[SourceQuality "1"]

1. e4 d6 2. d4 g6 3. f4 Bg7 4. Nf3 Nf6 5. Bd3 c5 6. c3 cxd4 7. cxd4 a6 8. e5 dxe5 9. fxe5 Nd5 10. Nc3 0-0 11. Qb3 Nxc3 12. bxc3 Nc6 13. Be4 Be6 14. Qxb7 Na5 15. Qb1 Rb8 16. Qc2 Nc4 17. Bd3 Qb6 18. Qe2 Nb2 19. Bxb2 Qxb2 20. Qxb2 Rxb2 21. 0-0 a5 22. c4 Rd8 23. Rfb1 Rdb8 24. Rxb2 Rxb2 25. h3 Bh6 26. d5 Bc8 27. Rb1 Be3+ 28. Kf1 Rf2+ 29. Ke1 Bxh3 30. gxh3 Rxf3 31. Ke2 Rxh3 32. Rb8+ Kg7 33. Rb5 Bd4 34. Rxa5 Rh2+ 35. Kf3 Rh3+ 1/2-1/2

[Event "Leverkusen Bayer op 10th"]
[Site "Leverkusen"]
[Date "2012.02.22"]
[Round "4"]
[White "Falge, Rainer"]
[Black "Ramien, David"]
[Result "1-0"]
[WhiteElo "1642"]
[BlackElo "1446"]
[PlyCount "47"]
[EventDate "2012.01.11"]
[EventType "swiss"]
[EventRounds "7"]
[EventCountry "GER"]
[SourceTitle "EXT 2014"]
[Source "ChessBase"]
[SourceDate "2013.11.20"]
[SourceVersion "1"]
[SourceVersionDate "2013.11.20"]
[SourceQuality "1"]

1. e4 e5 2. f4 exf4 3. Nf3 Ne7 4. d4 Ng6 5. Bc4 d6 6. Nc3 Be7 7. 0-0 0-0 8. Nd5 Nc6 9. Nxf4 Nxf4 10. Bxf4 Bf6 11. c3 Re8 12. Bd3 Bd7 13. Qc2 g6 14. Rae1 Bg7 15. Qb3 Rf8 16. Ng5 Be8 17. Re3 Nxd4 18. cxd4 Bxd4 19. Kh1 Bxe3 20. Bxe3 b6 21. Bc4 Qe7 22. Bd2 Qd7 23. Qf3 h6 24. Ne6 1-0

[Event "Solingen-ch"]
[Site "Solingen"]
[Date "2011.11.04"]
[Round "4"]
[White "Gwiazda, Slawomir"]
[Black "Falge, Rainer"]
[Result "0-1"]
[WhiteElo "1982"]
[BlackElo "1700"]
[PlyCount "120"]
[EventDate "2011.09.23"]
[EventType "swiss"]
[EventRounds "7"]
[EventCountry "GER"]
[SourceTitle "EXT 2015"]
[Source "ChessBase"]
[SourceDate "2014.11.20"]
[SourceVersion "1"]
[SourceVersionDate "2014.11.20"]
[SourceQuality "1"]

1. d4 d6 2. Nf3 g6 3. c4 Bg7 4. Nc3 Nf6 5. e4 c6 6. Be2 0-0 7. 0-0 Na6 8. Qc2 Rb8 9. a3 Nc7 10. e5 Bf5 11. Qa4 dxe5 12. dxe5 Nd7 13. Qxa7 Nxe5 14. Bf4 Nxf3+ 15. Bxf3 e5 16. Rad1 Qc8 17. Be3 Ra8 18. Qb6 Ra6 19. Qb3 Ne6 20. Be4 Nd4 21. Bxd4 exd4 22. Bxf5 Qxf5 23. Ne2 Qd7 24. Nf4 Qc7 25. Nd3 Rb6 26. Qc2 c5 27. Rfe1 Re6 28. Re2 Rfe8 29. Rde1 Qd6 30. h3 b6 31. g3 g5 32. Rxe6 fxe6 33. Qa4 Rf8 34. b4 Rc8 35. Qa6 Rd8 36. bxc5 bxc5 37. Qxd6 Rxd6 38. Nxc5 d3 39. Rd1 d2 40. Ne4 Rd4 41. f3 Rxc4 42. Rxd2 h6 43. Ra2 Ra4 44. Nc5 Bd4+ 45. Kg2 Bxc5 46. Re2 Kf7 47. Rc2 Bxa3 48. Ra2 Kf6 49. f4 gxf4 50. gxf4 Kf5 51. Kg3 Ra7 52. Rc2 Bd6 53. Rc8 Bxf4+ 54. Kf3 Ra3+ 55. Kf2 Rxh3 56. Kg2 Re3 57. Rc5+ e5 58. Rc4 h5 59. Rc8 h4 60. Rf8+ Ke4 0-1

[Event "Solingen Karneval op"]
[Site "Solingen"]
[Date "2011.03.06"]
[Round "5"]
[White "Falge, Rainer"]
[Black "Sloka, Andreas"]
[Result "0-1"]
[WhiteElo "1536"]
[BlackElo "1755"]
[PlyCount "62"]
[EventDate "2011.03.04"]
[EventType "swiss"]
[EventRounds "5"]
[EventCountry "GER"]
[SourceTitle "EXT 2015"]
[Source "ChessBase"]
[SourceDate "2014.11.20"]
[SourceVersion "1"]
[SourceVersionDate "2014.11.20"]
[SourceQuality "1"]

1. e4 c5 2. Bc4 e6 3. Nc3 a6 4. a3 b5 5. Ba2 Bb7 6. d3 Nf6 7. f4 d6 8. Nf3 Nc6 9. 0-0 Be7 10. Qe1 0-0 11. f5 exf5 12. exf5 Re8 13. Ng5 d5 14. Nxf7 Kxf7 15. Qe6+ Kf8 16. Bxd5 Nxd5 17. Qxd5 Qxd5 18. Nxd5 Bd6 19. f6 Re2 20. Bf4 Bxf4 21. Nxf4 Rxc2 22. Ne6+ Kf7 23. fxg7+ Kxe6 24. Rf8 Ne7 25. Re1+ Kd6 26. g3 Ng8 27. Re4 Rd2 28. Rh4 Ke7 29. Re4+ Bxe4 30. dxe4 Rxf8 31. gxf8Q+ Kxf8 0-1

[Event "Solingen Karneval op"]
[Site "Solingen"]
[Date "2011.03.06"]
[Round "4"]
[White "Stahnecker, Thomas"]
[Black "Falge, Rainer"]
[Result "1/2-1/2"]
[WhiteElo "1527"]
[BlackElo "1536"]
[PlyCount "78"]
[EventDate "2011.03.04"]
[EventType "swiss"]
[EventRounds "5"]
[EventCountry "GER"]
[SourceTitle "EXT 2015"]
[Source "ChessBase"]
[SourceDate "2014.11.20"]
[SourceVersion "1"]
[SourceVersionDate "2014.11.20"]
[SourceQuality "1"]

1. e4 d6 2. d4 g6 3. Nf3 Nf6 4. Nc3 Bg7 5. h3 c6 6. Be3 Qa5 7. Bd3 Na6 8. 0-0 0-0 9. a3 Qd8 10. Qd2 e5 11. dxe5 dxe5 12. Bh6 Nc5 13. Bxg7 Kxg7 14. Rad1 Nxd3 15. Qxd3 Qa5 16. Rd2 Be6 17. Rfd1 Rad8 18. Qe3 Rxd2 19. Rxd2 Nd7 20. Ng5 Qd8 21. Nxe6+ fxe6 22. Qxa7 Rf7 23. Qxb7 Qf6 24. Qxc6 Qf4 25. Qd6 Nf6 26. Qd8 Nd5 27. Re2 Nxc3 28. bxc3 Qc1+ 29. Kh2 Qxa3 30. Qd3 Qe7 31. c4 Qc5 32. Rd2 Rxf2 33. Qd7+ Kh6 34. Rxf2 Qxf2 35. Qd3 Qf4+ 36. Kg1 Qc1+ 37. Kf2 g5 38. c5 Qb2 39. c6 Qb6+ 1/2-1/2

[Event "Solingen Karneval op"]
[Site "Solingen"]
[Date "2011.03.04"]
[Round "1"]
[White "Falge, Rainer"]
[Black "Winkler, Fabian"]
[Result "0-1"]
[WhiteElo "1536"]
[BlackElo "1989"]
[PlyCount "80"]
[EventDate "2011.03.04"]
[EventType "swiss"]
[EventRounds "5"]
[EventCountry "GER"]
[SourceTitle "EXT 2015"]
[Source "ChessBase"]
[SourceDate "2014.11.20"]
[SourceVersion "1"]
[SourceVersionDate "2014.11.20"]
[SourceQuality "1"]

1. e4 c5 2. f4 Nc6 3. Nf3 d6 4. Bc4 e6 5. Nc3 a6 6. d4 cxd4 7. Nxd4 Qb6 8. Nxc6 bxc6 9. Bb3 Nf6 10. e5 Nd5 11. Nxd5 cxd5 12. Ba4+ Bd7 13. Bxd7+ Kxd7 14. Qe2 Rc8 15. c3 dxe5 16. fxe5 Rc4 17. Be3 Bc5 18. Rd1 Re4 19. Rd4 Bxd4 20. cxd4 Qa5+ 21. Kf2 Qxa2 22. Rd1 Rb8 23. Rd2 Qb3 24. g3 Ke8 25. h3 a5 26. Kf3 a4 27. Kf2 Rb4 28. Qf3 Rc4 29. Re2 Rc2 30. Rxc2 Qxc2+ 31. Qe2 Qxe2+ 32. Kxe2 Kd7 33. Kd3 Kc6 34. Bd2 Kb5 35. Bc3 f6 36. exf6 gxf6 37. Bd2 e5 38. Bc3 exd4 39. Bxd4 Rxd4+ 40. Kxd4 Kb4 0-1